| 000 | 00464nam a2200193Ia 4500 | ||
|---|---|---|---|
| 005 | 20260429112211.0 | ||
| 008 | 260429s9999||||xx |||||||||||||| ||und|| | ||
| 020 | _a9788180941726 | ||
| 041 | _aEnglish | ||
| 082 |
_a635.8 _bHAR |
||
| 100 | _aHard, M. E. | ||
| 245 | 0 |
_aMushroom / _cM. E. Hard |
|
| 250 | _a1st ed. | ||
| 260 |
_aChennai : _bMJP Publishers , _c2024. |
||
| 300 | _ax, 489 p.; hb | ||
| 650 | _a Mycology | ||
| 650 | _aMushrooms | ||
| 942 | _cTB | ||
| 999 |
_c52856 _d52856 |
||